Esteban Lisa 18951983 (Record no. 2211)

MARC details
000 - LÍDER
campo de control de longitud fija 00984nam a2200229Ia 4500
008 - ELEMENTOS DE DATOS DE LONGITUD FIJA - INFORMACIÓN GENERAL
campo de control de longitud fija 0000001997 ag a 0000000000spa00
020 ## - INTERNATIONAL STANDARD BOOK NUMBER
International Standard Book Number 9879622707
090 ## - NÚMERO DE LLAMADA DE TIPO LC LOCALMENTE ASIGNADO (OCLC)
Número de clasificación (OCLC) (R) PSP00 P27e
100 1# - ENTRADA PRINCIPAL - NOMBRE PERSONAL
Nombre de la persona Perazzo, Nelly
245 10 - TÍTULO DECLARACIÓN
Título Esteban Lisa 18951983
Declaración de responsabilidad / textos Nelly Perazzo, Mario H. Gradowczyk, Fermín Févre ; fotografías Caldarella & Banchero
260 ## - PUBLICACIÓN, DISTRIBUCIÓN
Lugar de publicación Buenos Aires : Fundación Esteban Lisa
Fecha de publicación 1997
300 ## - DESCRIPCIÓN FÍSICA
Alcance 77 p.
Dimensiones / 30 cm.
500 ## - NOTA GENERAL
Nota general Exposición realizada en Fundación Esteban Lisa, Buenos Aires, 1997 \ Con el patronazgo del maestro venezolano Jesús Rafael Soto (q.e.p.d.) \ Donación Fundación Cisneros, Caracas, Venezuela, 2010
600 00 - ENTRADA DE SUJETO AÑADIDO - NOMBRE PERSONAL
Nombre de la persona LISA, ESTEBAN, 18951983/
Subdivisión general TRABAJOS PICTORICOS
650 14 - ENTRADA DE SUJETO AÑADIDO - TÉRMINO TÓPICO
Término tópico o elemento de entrada del nombre geográfico ARTE CONTEMPORANEO ESPAÑOL
650 14 - ENTRADA DE SUJETO AÑADIDO - TÉRMINO TÓPICO
Subdivisión general CATALOGOS
650 14 - ENTRADA DE SUJETO AÑADIDO - TÉRMINO TÓPICO
Subdivisión general EXPOSICIONES
650 14 - ENTRADA DE SUJETO AÑADIDO - TÉRMINO TÓPICO
Término tópico o elemento de entrada del nombre geográfico PINTORES ESPAÑOLES
650 14 - ENTRADA DE SUJETO AÑADIDO - TÉRMINO TÓPICO
Término tópico o elemento de entrada del nombre geográfico PINTURA ESPAÑOLA
700 1# - ENTRADA AGREGADA - NOMBRE PERSONAL
Nombre de la persona Gradowczyk, Mario H. \ Fèvre, Fermín
710 ## - ENTRADA AGREGADA - NOMBRE CORPORATIVO
Nombre corporativo o nombre de jurisdicción como elemento de entrada Caldarella & Banchero
Holdings
Estado de retirada Pérdida de estatus Estado dañado No para préstamo Código de recogida Ubicación permanente Ubicación actual Ubicación de las estanterías Fecha de adquisición Número de llamada completo Código de barras Fecha de la última vez que se vio Número de copia Precio efectivo desde Tipo de artículo Koha
        General ArtNexus ArtNexus General 06/09/2022 P-SP-00 P27E 2211 06/09/2022 Ej.1 06/09/2022 Libro

Powered by Koha